000 00676nam a2200241Ia 4500
003 OSt
005 20220927105308.0
006 a|||||r|||| 00| 0
007 ta
008 220926b |||||||| |||| 00| 0 eng d
020 _a0745622577
024 _a159999
037 _cReference Collections
040 _aRTL
_cRTL
_beng
041 _2eng
_aeng
082 _aprocessing
100 _aOakley Ann
_9371464
245 0 _aExperiments in knowing
_b Gender and method in the social sciences
260 _aCambridge
_bPolity Press
_c2000
300 _a"ix, 402p"
_ccm.
942 _hprocessing
_cCC
999 _c691643
_d691643